书目信息 |
| 题名: |
工伤保险法律分解适用集成
|
|
| 作者: | 唐德华 主编 | |
| 分册: | ||
| 出版信息: | 北京 人民法院出版社 2006.02 |
|
| 页数: | 22, 755页 | |
| 开本: | 21cm | |
| 丛书名: | 常用法律分解适用集成系列 | |
| 单 册: | ||
| 中图分类: | D922.555 | |
| 科图分类: | ||
| 主题词: | 工伤事故--gong shang shi gu--劳动保险--法律解释--中国 | |
| 电子资源: | ||
| ISBN: | 7-80217-187-3 | |
| 000 | 01021nam 2200241 450 | |
| 001 | 012007155682 | |
| 005 | 20070517162701.71 | |
| 010 | @a7-80217-187-3@dCNY55.00 | |
| 100 | @a20070316d2006 km y0chiy0120 ea | |
| 101 | 0 | @achi |
| 102 | @aCN@b110000 | |
| 105 | @ay z 000yy | |
| 200 | 1 | @a工伤保险法律分解适用集成@Agong shang bao xian fa lu fen jie shi yong ji cheng@f唐德华主编@Ftang de hua zhu bian |
| 210 | @a北京@c人民法院出版社@d2006.02 | |
| 215 | @a22, 755页@d21cm | |
| 225 | 2 | @a常用法律分解适用集成系列@Achang yong fa lu fen jie shi yong ji cheng xi lie |
| 330 | @a本书包括《工伤保险条例》的一般规定、工商保险基金、工商认定等七章,按照法条之间的逻辑联系,分解成若干具体的法律问题,并将涉及该问题的相关法律、法规、部门规章、司法解释的具体规定以及立法说明等集中编排。 | |
| 410 | 0 | @12001 @a常用法律分解适用集成系列 |
| 606 | 0 | @a工伤事故@Agong shang shi gu@x劳动保险@x法律解释@y中国 |
| 690 | @aD922.555@v4 | |
| 701 | 0 | @a唐德华@Atang de hua@4主编 |
| 801 | 0 | @aCN@c20070517 |
| 905 | @a10447@dD922.555@eT232 | |
| 工伤保险法律分解适用集成/唐德华主编.-北京:人民法院出版社,2006.02 |
| 22, 755页;21cm.-(常用法律分解适用集成系列) |
| ISBN 7-80217-187-3:CNY55.00 |
| 本书包括《工伤保险条例》的一般规定、工商保险基金、工商认定等七章,按照法条之间的逻辑联系,分解成若干具体的法律问题,并将涉及该问题的相关法律、法规、部门规章、司法解释的具体规定以及立法说明等集中编排。 |
| ● |
| 相关链接 |
|
|
|
正题名:工伤保险法律分解适用集成
索取号:D922.555/T232
 
预约/预借
| 序号 | 登录号 | 条形码 | 馆藏地/架位号 | 状态 | 备注 |
| 1 | 237641 | 202376419 | 社科库509/509社科库 89排9列4层/ [索取号:D922.555/T232] | 在馆 | |
| 2 | 237642 | 202376428 | 社科库509/509社科库 89排9列4层/ [索取号:D922.555/T232] | 在馆 |